| 000 | 00000nam##2200000za#4500 |
| 001 | 9.571836 |
| 003 | CaOODSP |
| 005 | 20210624182925 |
| 007 | cr ||||||||||| |
| 008 | 150406|2009||||xxc|||||o f|0| 0 eng|d |
| 040 | |aCaOODSP|beng |
| 043 | |an-cn--- |
| 086 | 1 |aNH18-24/1-2009E-PDF |
| 110 | 2 |aCanada Mortgage and Housing Corporation. |
| 245 | 10|aMeasuring humidity in your home |h[electronic resource] |
| 250 | |aRev. 2009 |
| 260 | |bCanada Mortgage and Housing Corporation |cc1996. |
| 300 | |a6p.|bfigs., tables |
| 490 | 1 |aAbout your house |vCE1 |
| 590 | |a11-23-Supp|b2011-10-17 |
| 690 | 07|aAir quality|2gcpds |
| 690 | 07|aHousing|2gcpds |
| 775 | 08|tMesurer l'humidité dans votre maison |w(CaOODSP)9.602258 |
| 830 | #0|aAbout your house ;|vCE1|w(CaOODSP)9.505388 |
| 856 | 40|ahttp://publications.gc.ca|qPDF|s739 KB|uhttps://publications.gc.ca/collections/collection_2011/schl-cmhc/nh18-24/NH18-24-1-2009-eng.pdf|yCE1 |